|
|
|
|
| LEADER |
01098nab a2200313 i 4500 |
| 001 |
publ6641 |
| 005 |
20181008094155.0 |
| 008 |
160503s2015 hu o 0|| zxx d |
| 022 |
|
|
|a 0378-5173
|
| 024 |
7 |
|
|a 10.1016/j.ijpharm.2015.06.046
|2 doi
|
| 024 |
7 |
|
|a 2917042
|2 mtmt
|
| 040 |
|
|
|a SZTE Publicatio Repozitórium
|b hun
|
| 041 |
|
|
|a zxx
|
| 100 |
1 |
|
|a Bartos Csilla
|
| 245 |
1 |
0 |
|a Study of sodium hyaluronate-based intranasal formulations containing micro- or nanosized meloxicam particles
|h [elektronikus dokumentum] /
|c Bartos Csilla
|
| 260 |
|
|
|c 2015
|
| 300 |
|
|
|a 198-207
|
| 490 |
0 |
|
|a INTERNATIONAL JOURNAL OF PHARMACEUTICS
|v 491
|
| 700 |
0 |
1 |
|a Ambrus Rita
|e aut
|
| 700 |
0 |
1 |
|a Sipos Péter
|e aut
|
| 700 |
0 |
2 |
|a Budai-Szűcs Mária
|e aut
|
| 700 |
0 |
2 |
|a Csányi Erzsébet
|e aut
|
| 700 |
0 |
2 |
|a Gáspár Róbert
|e aut
|
| 700 |
0 |
2 |
|a Márki Árpád
|e aut
|
| 700 |
0 |
2 |
|a Seres Adrienn
|e aut
|
| 700 |
0 |
2 |
|a Sztojkov-Ivanov Anita
|e aut
|
| 700 |
0 |
2 |
|a Horváth Tamás
|e aut
|
| 700 |
0 |
2 |
|a Szabó-Révész Piroska
|e aut
|
| 856 |
4 |
0 |
|u http://publicatio.bibl.u-szeged.hu/6641/1/IntJPharm_Csilla2015.pdf
|z Dokumentum-elérés
|